000 00531nam a22001817a 4500
005 20231123082808.0
008 231123b |||||||| |||| 00| 0 eng d
020 _a9780779813612
041 _aEnglish
082 _a342 HOG
100 _aHogg, PW
_lEnglish
245 _aConstitutional Law of Canada /
_cPW Hogg
250 _aFifth Edition
260 _aCanada :
_bThomson Canada Limited,
_c2007
300 _blxxxi, 998 pages ;
_c27 cm.
650 _aLegal practice
_bLaw
942 _cBK
_6ALISON_BN_VRIES
999 _c874
_d874